Geography Quiz

Random Geography or Blitz Quiz

European Country Letter Pair Blitz Quiz Stats

Quiz Updated Jun 26, 2017

Challenge
Share
Tweet
Embed
Score 0/10 Timer 01:30
17 Plays Today
% Correct
France
96.1%
Finland
92.3%
Germany
91.4%
Poland
88%
United Kingdom
87.5%
Portugal
87.4%
Norway
87.1%
Netherlands
85%
Ukraine
81.5%
Greece
81.3%

You're not logged in!

Compare scores with friends on all Sporcle quizzes.
Sign Up with Email
OR
Log In

You Might Also Like...

Show Comments

Extras

Top Quizzes Today


Score Distribution

Your Account Isn't Verified!

In order to create a playlist on Sporcle, you need to verify the email address you used during registration. Go to your Sporcle Settings to finish the process.